Ayuntamiento y municipio : (Record no. 49988)
[ view plain ]
| 000 -CABECERA | |
|---|---|
| campo de control de longitud fija | 00840nam a22002537a 4500 |
| 003 - IDENTIFICADOR DEL NÚMERO DE CONTROL | |
| campo de control | DO-SdBNP |
| 005 - FECHA Y HORA DE LA ÚLTIMA TRANSACCIÓN | |
| campo de control | 20250721105520.0 |
| 007 - CAMPO FIJO DE DESCRIPCIÓN FÍSICA--INFORMACIÓN GENERAL | |
| campo de control de longitud fija | ta |
| 008 - DATOS DE LONGITUD FIJA--INFORMACIÓN GENERAL | |
| campo de control de longitud fija | 210622e2006 dr ac||er|||| 001 0dspa d |
| 020 ## - NÚMERO INTERNACIONAL ESTÁNDAR DEL LIBRO | |
| Número Internacional Estándar del Libro | 9945406302 |
| 040 ## - FUENTE DE LA CATALOGACIÓN | |
| Centro catalogador/agencia de origen | DO-SdBNP |
| Lengua de catalogación | spa |
| Centro/agencia transcriptor | BNPHU |
| 082 ## - NÚMERO DE LA CLASIFICACIÓN DECIMAL DEWEY | |
| Número de documento/Ítem | D542 |
| Número de clasificación | xxx |
| Número de edición | 22 |
| 100 ## - ENTRADA PRINCIPAL--NOMBRE DE PERSONA | |
| 9 (RLIN) | 76346 |
| Nombre de persona | Díaz, Julio César |
| Fechas asociadas al nombre | 1956 |
| 245 13 - MENCIÓN DE TÍTULO | |
| Título | Ayuntamiento y municipio : |
| Resto del título | aprendamos a dirigirlos con éxito / |
| Mención de responsabilidad, etc. | Julio César Díaz |
| 260 ## - PUBLICACIÓN, DISTRIBUCIÓN, ETC. | |
| Lugar de publicación, distribución, etc. | Santo Domingo : |
| Nombre del editor, distribuidor, etc. | Editora Alfa y Omega , |
| Fecha de publicación, distribución, etc. | 2006 |
| 300 ## - DESCRIPCIÓN FÍSICA | |
| Extensión | 117 p. |
| Otras características físicas | il., retr. |
| Dimensiones | 21 cm |
| 590 ## - NOTA LOCAL (RLIN) | |
| Nota local | Inventariado, 2023 / DG |
| 650 #0 - PUNTO DE ACCESO ADICIONAL DE MATERIA--TÉRMINO DE MATERIA | |
| Término de materia o nombre geográfico como elemento de entrada | Gobierno municipal |
| 9 (RLIN) | 17207 |
| 650 #0 - PUNTO DE ACCESO ADICIONAL DE MATERIA--TÉRMINO DE MATERIA | |
| 9 (RLIN) | 3011 |
| Término de materia o nombre geográfico como elemento de entrada | ADMINISTRACÍON PÚBLICA |
| Subdivisión geográfica | REPÚBLICA DOMINICANA |
| 650 #0 - PUNTO DE ACCESO ADICIONAL DE MATERIA--TÉRMINO DE MATERIA | |
| 9 (RLIN) | 15825 |
| Término de materia o nombre geográfico como elemento de entrada | GOBIERNO LOCAL |
| Subdivisión general | REPÚBLICA DOMINICANA |
| 650 #0 - PUNTO DE ACCESO ADICIONAL DE MATERIA--TÉRMINO DE MATERIA | |
| 9 (RLIN) | 17208 |
| Término de materia o nombre geográfico como elemento de entrada | MUNICIPIOS |
| Subdivisión geográfica | REPÚBLICA DOMINICANA |
| 910 ## - DATOS DE OPCIÓN DEL USUARIO (OCLC) | |
| Datos de opción del usuario | DG |
| 942 ## - ELEMENTOS DE PUNTO DE ACCESO ADICIONAL (KOHA) | |
| Fuente del sistema de clasificación o colocación | Dewey Decimal Classification |
| Tipo de ítem Koha | Libro |
| Estado de retiro | Estado de pérdida | Fuente del sistema de clasificación o colocación | Restricciones de uso | No para préstamo | Código de colección | Localización permanente | Ubicación/localización actual | Ubicación en estantería | Fecha de adquisición | Fuente de adquisición | Total de préstamos | Signatura topográfica completa | Código de barras | Fecha visto por última vez | Precio válido a partir de | Tipo de ítem Koha | Número de copia |
|---|---|---|---|---|---|---|---|---|---|---|---|---|---|---|---|---|---|
| Dewey Decimal Classification | Excluido de préstamo | Patrimonio Dominicano | Biblioteca Nacional Pedro Henríquez Ureña | Biblioteca Nacional Pedro Henríquez Ureña | En catalogación | 02.02.2023 | D542 xxx | 2023-0556 | 02.02.2023 | 02.02.2023 | Libro | e.2 | |||||
| Dewey Decimal Classification | Préstamo en sala | Dominicana de Servicio | Biblioteca Nacional Pedro Henríquez Ureña | Biblioteca Nacional Pedro Henríquez Ureña | En catalogación | 06.02.2023 | D542 xxx | 2023-0680 | 06.02.2023 | 06.02.2023 | Libro | e.3 | |||||
| Dewey Decimal Classification | Excluido de préstamo | Excluido de préstamo | Patrimonio Dominicano | Biblioteca Nacional Pedro Henríquez Ureña | Patrimonio Dominicano | Depósito | 22.07.2018 | Donado por CERTV | D542 | 2021-2216 | 22.06.2021 | 22.06.2021 | Libro y Folleto Colección Patrimonio Dominicano |
